000 00406nam a22001697a 4500
999 _c7546
_d7546
003 GBCCL
005 20241126110631.0
008 180822b ||||| |||| 00| 0 eng d
040 _cgbc
082 _a251
_bCHO
100 _aChoate, J C
_9158
245 _aPreach the word/
_cby J C Choate
260 _aNew Delhi:
_bChurch of christ,
300 _a150p. ;
650 _aPreaching
_9404
942 _2ddc
_cBK